Т. 6: Парк-авеню, 79. Куда ушла любовь: романы; Собрание сочинений

Podrobná bibliografie
Parent link:Собрание сочинений: пер. с англ./ Г. Роббинс. Т. 6: Парк-авеню, 79. Куда ушла любовь.— , 1994-
Shrnutí:Исключено из фонда НТБ ТПУ
Jazyk:ruština
Vydáno: 1994
Médium: MixedMaterials Kniha
KOHA link:https://koha.lib.tpu.ru/cgi-bin/koha/opac-detail.pl?biblionumber=158327

MARC

LEADER 00000nam0a2200000 4500
001 158327
005 20231031154401.0
010 |a 5214000421 
020 |a RU  |b 94-18055 
035 |a (RuTPU)RU\TPU\book\171717 
090 |a 158327 
100 |a 20090422d1994 m y0rusy5003 ca 
101 1 |a rus  |c eng 
102 |a RU 
105 |a y z 000ay 
200 0 |a Т. 6: Парк-авеню, 79. Куда ушла любовь  |e романы 
210 |d 1994 
215 |c ил.  |a 656 с. 
333 |a Исключено из фонда НТБ ТПУ 
461 |t Собрание сочинений  |o пер. с англ.  |f Г. Роббинс  |v Т. 6: Парк-авеню, 79. Куда ушла любовь  |d 1994- 
801 0 |a RU  |b RuMRKP  |c 19950413  |g psbo 
801 1 |a RU  |b 63413507  |c 20090422  |g PSBO 
801 2 |a RU  |b 63413507  |c 20220602  |g PSBO 
942 |c BK